000 00270nam a2200121Ia 4500
008 190216s9999||||xx |||||||||||||| ||und||
100 _aSashthri Upadhyaya
245 0 _aHindi-Reth Ka Gar
260 _bChandra Moorthi
300 _a111
650 _aHindi
942 _cBK
999 _c16371
_d16371